000 01704nam a22002657a 4500
003 Uzh_bibl
008 220211b |||||||| |||| 00| 0 ukr d
020 _a978-617-07-0544-1
_c100 грн.
040 _aукр.
041 _2ukr
_aukr
080 _a821 (477)
090 _a821 (477)
_bВ 55
100 _aВишня , Остап
245 _aМисливські усмішки .
_hТекст
260 _aКиїв
_bЗнання
_c2017
300 _a255 с.
_fВ опр.
490 _a"Скарби"
520 _a“Мисливські усмішки” Остапа Вишні (1889—1956) поєднують у собі пейзажний ліризм та народний гумор. Мудрий і дотепний оповідач, тобто сам автор, розповідає різні мисливські бувальщини, ділиться своїми спостереженнями та життєвим досвідом. Метою полювання для письменника було насамперед бажання долучитися до чистого світу природи й відчути себе її частинкою. Його твори заворожують соковитою народною мовою, багатством відтінків комічного, лукавим і добродушним настроєм.
521 _aДля широкого кола читачів
546 _aукр.
650 _aЛітературно-художнє видання
653 _aСатира
_aПрирода
_aМисливські бувальщини
655 _aГумор
_vОповідання
942 _2udc
_cBK
999 _c2735
_d2735